[Event "Arandjelovac ASK-13 IM"]
[Site "Arandjelovac"]
[Date "2023.12.21"]
[Round "5"]
[White "Pikula, Dejan"]
[Black "Mezentsev, Ivan"]
[Result "1/2-1/2"]
[WhiteElo "2336"]
[BlackElo "2354"]
[PlyCount "31"]
[EventDate "2023.12.18"]
[EventType "tourn"]
[EventRounds "9"]
[EventCountry "SRB"]
[SourceTitle "CB52_2023"]
[SourceDate "2023.12.27"]
[SourceVersion "1"]
[SourceVersionDate "2023.12.27"]
[SourceQuality "1"]

1. e4 c5 2. Nf3 d6 3. d4 cxd4 4. Nxd4 Nf6 5. Nc3 Bd7 6. f3 e5 7. Nb3 Be7 8. Be3 0-0 9. Qd2 a5 10. a4 Na6 11. Bb5 Be6 12. Nd5 Bxd5 13. exd5 Nb4 14. c4 e4 15. 0-0 exf3 16. gxf3 1/2-1/2

[Event "Arandjelovac ASK-13 IM"]
[Site "Arandjelovac"]
[Date "2023.12.18"]
[Round "1"]
[White "Mezentsev, Ivan"]
[Black "Bayasgalan, Khishigbaatar"]
[Result "1/2-1/2"]
[WhiteElo "2354"]
[BlackElo "2071"]
[PlyCount "98"]
[EventDate "2023.12.18"]
[EventType "tourn"]
[EventRounds "9"]
[EventCountry "SRB"]
[SourceTitle "CB52_2023"]
[SourceDate "2023.12.27"]
[SourceVersion "1"]
[SourceVersionDate "2023.12.27"]
[SourceQuality "1"]

1. Nf3 Nf6 2. c4 e6 3. Nc3 d5 4. e3 c5 5. cxd5 exd5 6. d4 Nc6 7. Be2 Be7 8. dxc5 Bxc5 9. 0-0 0-0 10. b3 Bb6 11. Nb5 Bg4 12. Bb2 Ne4 13. Ne5 Bxe2 14. Qxe2 a6 15. Nxc6 bxc6 16. Nc3 Qe7 17. Nxe4 Qxe4 18. Rac1 Rfc8 19. Rfd1 f5 20. Qh5 Ra7 21. Bd4 c5 22. b4 Rac7 23. bxc5 Bxc5 24. Bxc5 Rxc5 25. Rxc5 Rxc5 26. h4 h6 27. Qg6 Qxh4 28. Rb1 Qd8 29. Qxa6 Kh7 30. Qd3 Qc8 31. a4 g6 32. Rb5 h5 33. Qd4 Rc1+ 34. Kh2 Rc4 35. Qf6 Qc7+ 36. f4 Rxa4 37. Rxd5 Rxf4 38. exf4 Qxf4+ 39. Kg1 Qc1+ 40. Kh2 Qf4+ 41. Kh3 Qg4+ 42. Kh2 Qf4+ 43. Kg1 Qc1+ 44. Kh2 Qf4+ 45. g3 Qf2+ 46. Kh3 Qf1+ 47. Kh4 Qh1+ 48. Kg5 Qc1+ 49. Kh4 Qh1+ 1/2-1/2

[Event "Belgrade Radnicki IM 12"]
[Site "Belgrade"]
[Date "2023.12.07"]
[Round "4"]
[White "Mezentsev, Ivan"]
[Black "Ivanov, Mikhail M"]
[Result "0-1"]
[WhiteElo "2354"]
[BlackElo "2272"]
[PlyCount "82"]
[EventDate "2023.12.04"]
[EventType "tourn"]
[EventRounds "9"]
[EventCountry "SRB"]
[SourceTitle "CB51_2023"]
[SourceDate "2023.12.20"]
[SourceVersion "1"]
[SourceVersionDate "2023.12.20"]
[SourceQuality "1"]

1. d4 Nf6 2. c4 e6 3. Nc3 Bb4 4. e3 0-0 5. Bd3 d5 6. a3 Bxc3+ 7. bxc3 b6 8. cxd5 exd5 9. Ne2 Ba6 10. 0-0 Bxd3 11. Qxd3 Qc8 12. Bb2 Qa6 13. Qxa6 Nxa6 14. Rfc1 Ne4 15. c4 Nd2 16. cxd5 Nb3 17. g4 Rac8 18. e4 Rfd8 19. Nf4 Nb8 20. h4 Nxa1 21. Rxa1 c6 22. dxc6 Rxc6 23. Kg2 Rc2 24. Rb1 Nc6 25. d5 Na5 26. Nh5 f6 27. g5 Nc4 28. Ba1 Nd6 29. Re1 Re8 30. Kf3 Ra2 31. gxf6 Rxa3+ 32. Kf4 Rxe4+ 33. Rxe4 Nxe4 34. Kxe4 Rxa1 35. fxg7 Rd1 36. Ke5 a5 37. d6 a4 38. d7 Rxd7 39. Nf6+ Kxg7 40. Nxd7 a3 41. Kd4 a2 0-1

[Event "Belgrade Radnicki IM 12"]
[Site "Belgrade"]
[Date "2023.12.05"]
[Round "2"]
[White "Mezentsev, Ivan"]
[Black "Atalik, Suat"]
[Result "1-0"]
[WhiteElo "2354"]
[BlackElo "2453"]
[PlyCount "68"]
[EventDate "2023.12.04"]
[EventType "tourn"]
[EventRounds "9"]
[EventCountry "SRB"]
[SourceTitle "CB51_2023"]
[SourceDate "2023.12.20"]
[SourceVersion "1"]
[SourceVersionDate "2023.12.20"]
[SourceQuality "1"]

1. Nf3 Nf6 2. c4 b6 3. g3 Bb7 4. Bg2 c5 5. 0-0 g6 6. Nc3 Bg7 7. d4 cxd4 8. Qxd4 d6 9. Rd1 Nbd7 10. Be3 Rb8 11. Rac1 a6 12. h3 Nc5 13. b4 Ne6 14. Qd3 0-0 15. Nd5 b5 16. Nxf6+ Bxf6 17. cxb5 axb5 18. Nd4 Nxd4 19. Bxd4 Bxd4 20. Qxd4 Bxg2 21. Kxg2 Qd7 22. Rc3 Rfc8 23. Rdc1 Rxc3 24. Rxc3 Rc8 25. Rxc8+ Qxc8 26. Qd5 Qd7 27. h4 e6 28. Qa8+ Kg7 29. Qa6 d5 30. Qb6 e5 31. Qb8 f6 32. Qb6 d4 33. Qc5 e4 34. Qc1 d3 1-0

[Event "Belgrade Radnicki IM 12"]
[Site "Belgrade"]
[Date "2023.12.04"]
[Round "1"]
[White "Lundin, Jan"]
[Black "Mezentsev, Ivan"]
[Result "1-0"]
[WhiteElo "2202"]
[BlackElo "2354"]
[PlyCount "153"]
[EventDate "2023.12.04"]
[EventType "tourn"]
[EventRounds "9"]
[EventCountry "SRB"]
[SourceTitle "CB51_2023"]
[SourceDate "2023.12.20"]
[SourceVersion "1"]
[SourceVersionDate "2023.12.20"]
[SourceQuality "1"]

1. e4 c5 2. Nc3 Nc6 3. g3 g6 4. Bg2 Bg7 5. d3 e6 6. f4 Nge7 7. Nf3 d6 8. 0-0 0-0 9. Rb1 Rb8 10. Bd2 b5 11. a3 a5 12. a4 bxa4 13. Nxa4 Bd7 14. b3 Qc7 15. Nb2 Nb4 16. c3 Nbc6 17. Nc4 f5 18. Re1 Nc8 19. exf5 gxf5 20. Ng5 Nd8 21. Ra1 h6 22. Nf3 Nc6 23. Qc2 N8e7 24. Ra3 Rb5 25. Ne3 Rfb8 26. Rb1 Ng6 27. Qa2 Kh8 28. Bf1 Nge7 29. Bg2 Be8 30. Be1 Bf7 31. Nh4 Bf6 32. Nf3 R5b7 33. Nc4 Nd5 34. Rc1 Bg8 35. Qc2 Nde7 36. Bd2 Rb5 37. Re1 R8b7 38. h3 Bf7 39. g4 Rb8 40. Ne3 Rg8 41. Kh1 Rbb8 42. g5 Bg7 43. Nc4 Ng6 44. Ra4 Nf8 45. Rea1 Rb5 46. Qa2 e5 47. gxh6 Bxh6 48. Ng5 Bxg5 49. fxg5 f4 50. h4 Qd7 51. Rf1 Bh5 52. Kh2 Ng6 53. Be1 d5 54. Nxa5 Nxa5 55. Rxa5 Rxa5 56. Qxa5 Nxh4 57. Bxh4 Qg4 58. Bf2 Qxg5 59. Bh3 Qh6 60. Rg1 Bg4 61. Rxg4 Rxg4 62. Qa8+ Rg8 63. Qxd5 Qh5 64. Qe4 Qg5 65. d4 cxd4 66. cxd4 Rd8 67. Qxe5+ Qxe5 68. dxe5 Rb8 69. Be6 Kg7 70. Bc4 Kg6 71. e6 Kf5 72. e7 Re8 73. Bc5 Kg4 74. Kg2 f3+ 75. Kf2 Ra8 76. b4 Rh8 77. Bd6 1-0

[Event "Belgrade Trophy 36th"]
[Site "Belgrade"]
[Date "2023.11.30"]
[Round "6"]
[White "Mezentsev, Ivan"]
[Black "Stanojevic, Ilija"]
[Result "0-1"]
[WhiteElo "2362"]
[BlackElo "2117"]
[PlyCount "78"]
[EventDate "2023.11.25"]
[EventType "swiss"]
[EventRounds "9"]
[EventCountry "SRB"]
[SourceTitle "CB49_2023"]
[SourceDate "2023.12.06"]
[SourceVersion "1"]
[SourceVersionDate "2023.12.06"]
[SourceQuality "1"]

1. Nf3 Nf6 2. c4 e6 3. Nc3 d5 4. e3 c6 5. b3 Bd6 6. Bb2 Nbd7 7. d4 0-0 8. Bd3 b6 9. 0-0 Ba6 10. Qc2 Re8 11. e4 dxc4 12. bxc4 e5 13. d5 Rc8 14. Rfd1 Nc5 15. Be2 Qc7 16. Rac1 Qb7 17. Nh4 Bf8 18. Re1 g6 19. Rcd1 cxd5 20. exd5 Ncd7 21. Ne4 Bxc4 22. Bxc4 b5 23. Nxf6+ Nxf6 24. Rxe5 Rxe5 25. Bxe5 Rxc4 26. Qe2 Re4 27. Qf3 Rxe5 28. Qxf6 Qxd5 29. Rc1 Qc4 30. Rf1 Re6 31. Qd8 Qxa2 32. Nf3 h6 33. h4 b4 34. Rc1 b3 35. Rc8 Qa3 36. Qd3 Qb4 37. Rc4 Qb6 38. Nd2 Rd6 39. Qe2 Rxd2 0-1

[Event "Backi Petrovac 11"]
[Site "Backi Petrovac"]
[Date "2023.11.14"]
[Round "8.2"]
[White "Juhasz, Bence"]
[Black "Mezentsev, Ivan"]
[Result "1/2-1/2"]
[WhiteElo "2210"]
[BlackElo "2362"]
[PlyCount "155"]
[EventDate "2023.11.10"]
[EventType "swiss"]
[EventRounds "9"]
[EventCountry "SRB"]
[SourceTitle "CB47_2023"]
[SourceDate "2023.11.22"]
[SourceVersion "1"]
[SourceVersionDate "2023.11.22"]
[SourceQuality "1"]
[WhiteTeam "Team A"]
[BlackTeam "Team C"]
[WhiteTeamCountry "SRB"]
[BlackTeamCountry "SRB"]

1. e4 c5 2. Nf3 d6 3. d4 cxd4 4. Nxd4 Nf6 5. Nc3 g6 6. Be3 Bg7 7. f3 a6 8. Qd2 h5 9. Bc4 Nbd7 10. 0-0-0 b5 11. Bd5 Nxd5 12. Nxd5 Ne5 13. Bg5 f6 14. Bh4 e6 15. Ne3 Bh6 16. Qe1 Nc4 17. Bf2 e5 18. Nb3 Qb6 19. Rd3 Be6 20. Kb1 Bxe3 21. Bxe3 Nxe3 22. Rxe3 Ke7 23. Rd3 Rhc8 24. Qg3 Bf7 25. f4 Qc6 26. Qf2 Qxe4 27. fxe5 dxe5 28. Rhd1 Rc7 29. Rd7+ Rxd7 30. Rxd7+ Ke8 31. Qd2 Qc4 32. Rd6 Ke7 33. Nc1 Qc7 34. Rd3 Rd8 35. Qb4+ Ke8 36. Rc3 Qd6 37. Qa5 e4 38. b3 f5 39. a4 bxa4 40. Qxa4+ Kf8 41. Rc6 Qd4 42. Qxa6 Qd1 43. Rc7 Qd6 44. Rc6 Qe7 45. Qa1 Kg8 46. Qc3 Qd7 47. Ra6 Re8 48. Qe3 Qc7 49. Ne2 Rc8 50. c3 Qb7 51. Rb6 Qd5 52. Nd4 Qc5 53. Rb7 Qxc3 54. Qxc3 Rxc3 55. Kb2 Rd3 56. Nc6 Rd2+ 57. Kc3 Rxg2 58. Kd4 Rd2+ 59. Ke5 Rd5+ 60. Kf4 Kf8 61. b4 Be8 62. b5 Bxc6 63. bxc6 Rc5 64. c7 Ke8 65. Rb8+ Kd7 66. Rg8 Kxc7 67. Rxg6 h4 68. h3 Kd7 69. Rh6 Rc3 70. Kxf5 e3 71. Rxh4 Rc5+ 72. Kf6 Rc6+ 73. Kf5 Re6 74. Rd4+ Ke7 75. Rd1 e2 76. Re1 Kd6 77. Kf4 Kd5 78. Kf3 1/2-1/2

[Event "Backi Petrovac 11"]
[Site "Backi Petrovac"]
[Date "2023.11.13"]
[Round "7.2"]
[White "Mezentsev, Ivan"]
[Black "Veljkovic, Vojislav"]
[Result "1-0"]
[WhiteElo "2362"]
[BlackElo "2163"]
[PlyCount "51"]
[EventDate "2023.11.10"]
[EventType "swiss"]
[EventRounds "9"]
[EventCountry "SRB"]
[SourceTitle "CB47_2023"]
[SourceDate "2023.11.22"]
[SourceVersion "1"]
[SourceVersionDate "2023.11.22"]
[SourceQuality "1"]
[WhiteTeam "Team C"]
[BlackTeam "Team D"]
[WhiteTeamCountry "SRB"]
[BlackTeamCountry "SRB"]

1. e4 e6 2. d4 d5 3. e5 c5 4. c3 Nc6 5. Nf3 Be7 6. Bd3 Bd7 7. 0-0 Qb6 8. dxc5 Bxc5 9. b4 Be7 10. Re1 Nh6 11. Bxh6 gxh6 12. Nbd2 0-0-0 13. Rc1 Kb8 14. a4 Rhg8 15. a5 Qc7 16. a6 b6 17. Nb3 Rg7 18. b5 Na5 19. Nxa5 bxa5 20. Nd4 Rdg8 21. g3 Rg5 22. c4 dxc4 23. Rxc4 Qb6 24. Qf3 Bc5 25. Rxc5 Qxc5 26. Qb7# 1-0

[Event "SRB-chT 2nd League"]
[Site "Novi Sad"]
[Date "2023.11.05"]
[Round "5.1"]
[White "Mezentsev, Ivan"]
[Black "Horvath, Zsolt"]
[Result "0-1"]
[WhiteElo "2362"]
[BlackElo "2383"]
[PlyCount "98"]
[EventDate "2023.11.02"]
[EventType "team-tourn"]
[EventRounds "11"]
[EventCountry "SRB"]
[SourceTitle "CB46_2023"]
[SourceDate "2023.11.15"]
[SourceVersion "1"]
[SourceVersionDate "2023.11.15"]
[SourceQuality "1"]
[WhiteTeam "Sombor"]
[BlackTeam "Lajos Segi Bajsa"]
[WhiteTeamCountry "SRB"]
[BlackTeamCountry "SRB"]

1. Nf3 Nf6 2. c4 e6 3. Nc3 d5 4. e3 Be7 5. b3 0-0 6. Bb2 c5 7. cxd5 exd5 8. Rc1 b6 9. d4 Bb7 10. Be2 Nbd7 11. 0-0 Rc8 12. Ne5 Nxe5 13. dxe5 Ne4 14. Nxe4 dxe4 15. Qc2 Qd7 16. Rfd1 Qc6 17. Bc4 Rcd8 18. Qe2 Bc8 19. Rxd8 Rxd8 20. Rd1 Rxd1+ 21. Qxd1 Be6 22. Qe2 g6 23. h3 Qd7 24. Bxe6 fxe6 25. Qg4 Qd5 26. h4 Kg7 27. h5 g5 28. Qe2 Qd3 29. Qxd3 exd3 30. Kf1 g4 31. Ke1 b5 32. Kd2 c4 33. bxc4 bxc4 34. a3 Bd8 35. Bc3 Kh6 36. Bb4 Bb6 37. g3 Kxh5 38. a4 a5 39. Ba3 Kg6 40. Kc3 Kf5 41. Bc1 Ke4 42. Kxc4 Kf3 43. Kxd3 Kxf2 44. Bb2 Kxg3 45. Ke2 Kg2 46. Bd4 Bd8 47. e4 h5 48. Bf2 h4 49. Bxh4 Bxh4 0-1

[Event "SRB-chT 2nd League"]
[Site "Novi Sad"]
[Date "2023.11.03"]
[Round "2.1"]
[White "Bokros, Albert"]
[Black "Mezentsev, Ivan"]
[Result "1/2-1/2"]
[WhiteElo "2463"]
[BlackElo "2362"]
[PlyCount "32"]
[EventDate "2023.11.02"]
[EventType "team-tourn"]
[EventRounds "11"]
[EventCountry "SRB"]
[SourceTitle "CB46_2023"]
[SourceDate "2023.11.15"]
[SourceVersion "1"]
[SourceVersionDate "2023.11.15"]
[SourceQuality "1"]
[WhiteTeam "Krajisnik Krajina"]
[BlackTeam "Sombor"]
[WhiteTeamCountry "SRB"]
[BlackTeamCountry "SRB"]

1. e4 c5 2. Nf3 d6 3. d4 cxd4 4. Qxd4 a6 5. Be2 Nc6 6. Qe3 g6 7. 0-0 Bg7 8. h3 Nf6 9. Rd1 Nd7 10. Nc3 0-0 11. Nd5 b6 12. c3 Bb7 13. Bf1 e6 14. Nf4 Nde5 15. Nxe5 Nxe5 16. Nd3 Nc4 1/2-1/2

[Event "Senta Fantastico IM 10"]
[Site "Senta"]
[Date "2023.10.28"]
[Round "9.2"]
[White "Mezentsev, Ivan"]
[Black "Drazic, Sinisa"]
[Result "1/2-1/2"]
[WhiteElo "2360"]
[BlackElo "2294"]
[PlyCount "30"]
[EventDate "2023.10.23"]
[EventType "tourn"]
[EventRounds "9"]
[EventCountry "SRB"]
[SourceTitle "Mega2024 Update 01"]
[Source "Chessbase"]
[SourceDate "2023.11.12"]
[SourceVersion "1"]
[SourceVersionDate "2023.11.12"]
[SourceQuality "1"]
[WhiteTeam "Team D"]
[BlackTeam "Team A"]
[WhiteTeamCountry "SRB"]
[BlackTeamCountry "SRB"]

1. c4 Nf6 2. Nc3 e6 3. g3 d5 4. cxd5 exd5 5. d4 c5 6. Nf3 Nc6 7. Bg2 Be7 8. 0-0 0-0 9. dxc5 Bxc5 10. Bg5 d4 11. Bxf6 Qxf6 12. Ne4 Qe7 13. Nxc5 Qxc5 14. Qc1 Qb6 15. Qd2 Re8 1/2-1/2

[Event "Senta Fantastico IM 10"]
[Site "Senta"]
[Date "2023.10.27"]
[Round "8.1"]
[White "Levitan, Judah Nathan"]
[Black "Mezentsev, Ivan"]
[Result "0-1"]
[WhiteElo "1937"]
[BlackElo "2360"]
[PlyCount "144"]
[EventDate "2023.10.23"]
[EventType "tourn"]
[EventRounds "9"]
[EventCountry "SRB"]
[SourceTitle "Mega2024 Update 01"]
[Source "Chessbase"]
[SourceDate "2023.11.12"]
[SourceVersion "1"]
[SourceVersionDate "2023.11.12"]
[SourceQuality "1"]
[WhiteTeam "Team B"]
[BlackTeam "Team D"]
[WhiteTeamCountry "SRB"]
[BlackTeamCountry "SRB"]

1. e4 c5 2. Nf3 d6 3. d4 cxd4 4. Nxd4 Nf6 5. Nc3 g6 6. f4 Nbd7 7. Be3 Bg7 8. Bd3 a6 9. 0-0 Qc7 10. h3 b5 11. a3 Bb7 12. Nf3 0-0 13. Qe1 Nb6 14. Bd4 Nh5 15. Bxg7 Kxg7 16. Qe3 Qc5 17. Qd4+ Qxd4+ 18. Nxd4 Rac8 19. Nb3 e5 20. fxe5 dxe5 21. a4 b4 22. Na2 f5 23. Nxb4 Ng3 24. Rf3 f4 25. Na5 Bxe4 26. Rxg3 fxg3 27. Bxe4 Rf4 28. Re1 Nxa4 29. Nd3 Rf6 30. b3 Nc3 31. Nc4 Rcf8 32. Nd2 Rf2 33. Nf3 Re2 34. Rxe2 Nxe2+ 35. Kf1 Nc3 36. Nc5 Rc8 37. b4 Nxe4 38. Nxe4 Rc4 39. Nc5 a5 40. Nxe5 Rxc2 41. Ncd3 a4 42. b5 Rb2 43. Nc4 Rb3 44. Nc5 Rb4 45. Na3 Kf7 46. Ke2 Ke7 47. Kf3 Kd6 48. Ne4+ Kd5 49. Nc3+ Kd6 50. Ne4+ Ke5 51. Nd2 Rd4 52. Ke3 Rd8 53. b6 Rf8 54. Ndc4+ Ke6 55. b7 Rb8 56. Na5 Kd5 57. Nb5 Kc5 58. Na7 a3 59. N7c6 Rxb7 60. Nxb7+ Kxc6 61. Na5+ Kb5 62. Nb3 Kb4 63. Nd4 Kc4 64. Nc2 a2 65. Kd2 g5 66. Na1 h5 67. Kc2 h4 68. Kb2 Kd3 69. Nb3 g4 70. hxg4 h3 71. Nc5+ Ke3 72. gxh3 g2 0-1

[Event "Senta Fantastico IM 10"]
[Site "Senta"]
[Date "2023.10.24"]
[Round "3.2"]
[White "Mezentsev, Ivan"]
[Black "Bryakin, Mikhail"]
[Result "0-1"]
[WhiteElo "2360"]
[BlackElo "2483"]
[PlyCount "110"]
[EventDate "2023.10.23"]
[EventType "tourn"]
[EventRounds "9"]
[EventCountry "SRB"]
[SourceTitle "Mega2024 Update 01"]
[Source "Chessbase"]
[SourceDate "2023.11.12"]
[SourceVersion "1"]
[SourceVersionDate "2023.11.12"]
[SourceQuality "1"]
[WhiteTeam "Team D"]
[BlackTeam "Team A"]
[WhiteTeamCountry "SRB"]
[BlackTeamCountry "SRB"]

1. Nf3 d5 2. e3 c5 3. b3 Nc6 4. Bb2 Nf6 5. Bb5 Bd7 6. 0-0 e6 7. d3 Qc7 8. Bxc6 Bxc6 9. Ne5 Be7 10. Nd2 0-0 11. f4 b6 12. Nxc6 Qxc6 13. Nf3 Nd7 14. c4 Bf6 15. Bxf6 Nxf6 16. Ne5 Qc7 17. Qf3 Rad8 18. Rac1 Nd7 19. Ng4 f5 20. Nf2 Nf6 21. cxd5 exd5 22. b4 c4 23. b5 Qc5 24. dxc4 dxc4 25. Qc6 Qxc6 26. bxc6 b5 27. a4 a6 28. axb5 axb5 29. Rb1 Rd5 30. Rb4 Rc8 31. Rd1 Rxc6 32. Rxd5 Nxd5 33. Rxb5 Nxe3 34. Re5 Ng4 35. Nxg4 fxg4 36. Kf2 c3 37. Re1 Kf7 38. Rc1 Ke6 39. Ke3 Kf5 40. g3 c2 41. Kd3 h5 42. Kd4 Rc8 43. Kd3 Rc7 44. Kd4 g6 45. Kd3 Rc6 46. Kd4 Rc8 47. Kd3 Rc7 48. Kd4 Ke6 49. Ke4 Rc4+ 50. Ke3 Kd5 51. Kd3 Rc6 52. Ke3 Rc3+ 53. Kd2 Kd4 54. Ke2 Kc4 55. Kd2 Kb3 0-1

[Event "MSU Interuniversity Cup"]
[Site "Moscow RUS"]
[Date "2023.05.17"]
[Round "6.5"]
[White "Mezentsev, Ivan"]
[Black "Karimov, Alisher"]
[Result "0-1"]
[WhiteElo "2360"]
[BlackElo "2278"]
[PlyCount "76"]
[EventDate "2023.05.15"]
[EventType "team (rapid)"]
[EventRounds "9"]
[EventCountry "RUS"]
[SourceTitle "CBM 214 Extra"]
[Source "ChessBase"]
[SourceDate "2023.07.31"]
[SourceVersion "1"]
[SourceVersionDate "2023.07.31"]
[SourceQuality "1"]
[WhiteTeam "Kazakhstan"]
[BlackTeam "Tajikistan"]
[WhiteTeamCountry "KAZ"]
[BlackTeamCountry "TJK"]

1. d4 Nf6 2. c4 e6 3. Nc3 Bb4 4. e3 0-0 5. Bd2 d5 6. Nf3 Nbd7 7. a3 Be7 8. b4 c6 9. cxd5 exd5 10. Bd3 Bd6 11. 0-0 Re8 12. Qc2 a6 13. Rfe1 Nf8 14. e4 dxe4 15. Nxe4 Nxe4 16. Bxe4 g6 17. Bg5 Be7 18. Bxe7 Rxe7 19. Qc5 Ne6 20. Qe5 Nc7 21. Qg5 Be6 22. Qh6 Qf8 23. Qh4 Rae8 24. Re3 Bd5 25. Rae1 Bxe4 26. Ng5 f5 27. f3 Bd5 28. Re5 h6 29. Nh3 Rxe5 30. dxe5 Ne6 31. Qf2 Qe7 32. Qe3 Kg7 33. Nf2 Bc4 34. Qc3 b5 35. Kh1 Rd8 36. Qe3 Qd7 37. Rg1 Qd4 38. Qe1 Qd2 0-1

[Event "Titled Tuesday intern op 14th Dec"]
[Site "Chess.com INT"]
[Date "2021.12.14"]
[Round "1"]
[White "Vachier Lagrave, Maxime"]
[Black "Mezentsev, Ivan"]
[Result "1-0"]
[WhiteElo "2761"]
[BlackElo "2386"]
[PlyCount "103"]
[EventDate "2021.12.14"]
[EventType "swiss (blitz)"]
[EventRounds "11"]
[EventCountry "USA"]
[SourceTitle "EXT 2023"]
[Source "ChessBase"]
[SourceDate "2022.10.05"]
[SourceVersion "1"]
[SourceVersionDate "2022.10.05"]
[SourceQuality "1"]

1. d4 Nf6 2. Nf3 g6 3. g3 Bg7 4. Bg2 0-0 5. 0-0 d5 6. c4 c6 7. b3 Ne4 8. Bb2 Nd7 9. Nc3 Ndf6 10. e3 Nxc3 11. Bxc3 Ne4 12. Be1 Be6 13. Rc1 f5 14. Qc2 a5 15. Ne5 a4 16. Nd3 axb3 17. axb3 dxc4 18. bxc4 Nd6 19. d5 cxd5 20. cxd5 Bd7 21. Bc3 Rc8 22. Qb3 Bxc3 23. Rxc3 Rxc3 24. Qxc3 Qb6 25. Nc5 Qb5 26. Rc1 Rc8 27. Bf1 Qb6 28. Qd4 Qd8 29. Rb1 Rc7 30. h4 Qc8 31. Nd3 Rc4 32. Qe5 Re4 33. Qb2 h5 34. Nf4 Kf7 35. Rc1 Qd8 36. Bd3 Ra4 37. Bc2 Ra6 38. Ne6 Bxe6 39. dxe6+ Kg8 40. Bd3 Rc6 41. Ra1 Qc8 42. Be2 Qxe6 43. Bf3 Ne4 44. Qxb7 Kf7 45. Qb2 Qc4 46. Qh8 Qc2 47. Bxe4 Qxe4 48. Rd1 Qf3 49. Qh7+ Kf6 50. Rf1 Rd6 51. Qg8 Rd5 52. Qf8+ 1-0

[Event "Titled Tuesday intern op 07th Dec"]
[Site "Chess.com INT"]
[Date "2021.12.07"]
[Round "3"]
[White "Khoroshev, Nikita"]
[Black "Mezentsev, Ivan"]
[Result "1-0"]
[WhiteElo "2327"]
[BlackElo "2386"]
[PlyCount "79"]
[EventDate "2021.12.07"]
[EventType "swiss (blitz)"]
[EventRounds "11"]
[EventCountry "USA"]
[SourceTitle "CBM 205 Extra"]
[Source "ChessBase"]
[SourceDate "2022.01.31"]
[SourceVersion "1"]
[SourceVersionDate "2022.01.31"]
[SourceQuality "1"]

1. e4 c5 2. c3 Nf6 3. e5 Nd5 4. Nf3 Nc6 5. d4 cxd4 6. cxd4 d6 7. exd6 e6 8. Nc3 Bxd6 9. Bd3 Be7 10. 0-0 0-0 11. Re1 Nxc3 12. bxc3 b6 13. Be4 Bb7 14. Ne5 Na5 15. Bxh7+ Kxh7 16. Qh5+ Kg8 17. Re3 Qd5 18. Rg3 Bf6 19. Bh6 Rad8 20. Re1 Nc4 21. Bxg7 Bxg7 22. Qg4 Qxg2+ 23. Rxg2 Bxg2 24. Kxg2 Nxe5 25. Rxe5 Rd5 26. Rxd5 exd5 27. Qd7 Bf6 28. Qxd5 Kg7 29. Qb7 Rd8 30. Qxa7 Rc8 31. Qa3 Rc4 32. Qb3 b5 33. Kf3 Kg6 34. Ke4 Kg7 35. Kd5 Kg6 36. f4 Kf5 37. a4 Rxa4 38. Qxb5 Ra1 39. Qd3+ Kxf4 40. Qh7 1-0

[Event "Titled Tuesday intern op 07th Dec"]
[Site "Chess.com INT"]
[Date "2021.12.07"]
[Round "6"]
[White "Mezentsev, Ivan"]
[Black "Romero Ruscalleda, Josep"]
[Result "1-0"]
[WhiteElo "2386"]
[BlackElo "2181"]
[PlyCount "85"]
[EventDate "2021.12.07"]
[EventType "swiss (blitz)"]
[EventRounds "11"]
[EventCountry "USA"]
[SourceTitle "CBM 205 Extra"]
[Source "ChessBase"]
[SourceDate "2022.01.31"]
[SourceVersion "1"]
[SourceVersionDate "2022.01.31"]
[SourceQuality "1"]

1. e4 g6 2. d4 Bg7 3. Nc3 d6 4. Be3 a6 5. Qd2 b5 6. f3 Nd7 7. h4 h5 8. Nh3 e6 9. Ng5 Qe7 10. a4 b4 11. Nd1 a5 12. Nf2 Ba6 13. Bxa6 Rxa6 14. b3 Nh6 15. 0-0 f6 16. Ngh3 Nf7 17. Rac1 0-0 18. Nf4 Kh7 19. c3 c5 20. cxb4 cxd4 21. Bxd4 e5 22. Nd5 Qe6 23. Be3 axb4 24. Nxb4 Raa8 25. Nd5 Rab8 26. b4 f5 27. Nh3 f4 28. Bf2 Nf6 29. Rc7 Nxd5 30. Rxf7 Kg8 31. Rxf8+ Bxf8 32. exd5 Qd7 33. b5 Be7 34. Ng5 Bd8 35. Qd3 Kg7 36. Ne6+ Kf7 37. Rc1 Ra8 38. Rc4 Kf6 39. Qxg6+ Kxg6 40. Nf8+ Kf6 41. Nxd7+ Ke7 42. Nb6 Rb8 43. a5 1-0

[Event "Titled Tuesday intern op 07th Dec"]
[Site "Chess.com INT"]
[Date "2021.12.07"]
[Round "7"]
[White "Mezentsev, Ivan"]
[Black "Weetik, Vjacheslav"]
[Result "1-0"]
[WhiteElo "2386"]
[BlackElo "2423"]
[PlyCount "79"]
[EventDate "2021.12.07"]
[EventType "swiss (blitz)"]
[EventRounds "11"]
[EventCountry "USA"]
[SourceTitle "CBM 205 Extra"]
[Source "ChessBase"]
[SourceDate "2022.01.31"]
[SourceVersion "1"]
[SourceVersionDate "2022.01.31"]
[SourceQuality "1"]

1. e4 c6 2. d4 d5 3. exd5 cxd5 4. Bd3 Nc6 5. c3 Qc7 6. h3 g6 7. Nf3 Bf5 8. Be2 Nf6 9. 0-0 Bg7 10. Nbd2 0-0 11. Re1 Rab8 12. Nb3 Ne4 13. Be3 Rbd8 14. Qc1 f6 15. Nfd2 Nd6 16. Bf3 Be6 17. Nc5 Bf7 18. Nf1 e5 19. Bh6 e4 20. Be2 b6 21. Na6 Qe7 22. Bxg7 Kxg7 23. Ne3 f5 24. f4 Kh8 25. Rf1 Be6 26. a3 Na5 27. Qd1 Rg8 28. Nb4 Qf7 29. Kh1 Rg7 30. Qe1 Rdg8 31. Qh4 Nb3 32. Rad1 a5 33. Nc6 a4 34. Ne5 Qe7 35. Nxg6+ Rxg6 36. Qxe7 Bc8 37. Qh4 R8g7 38. g4 fxg4 39. f5 Rg5 40. f6 1-0

[Event "Titled Tuesday intern op 30th Nov"]
[Site "Chess.com INT"]
[Date "2021.11.30"]
[Round "2"]
[White "Lopez Idarraga, Daniel Eduardo"]
[Black "Mezentsev, Ivan"]
[Result "0-1"]
[WhiteElo "2018"]
[BlackElo "2354"]
[PlyCount "46"]
[EventDate "2021.11.30"]
[EventType "swiss (blitz)"]
[EventRounds "11"]
[EventCountry "USA"]
[SourceTitle "CBM 205 Extra"]
[Source "ChessBase"]
[SourceDate "2022.01.31"]
[SourceVersion "1"]
[SourceVersionDate "2022.01.31"]
[SourceQuality "1"]

1. e4 c5 2. Nf3 e6 3. d4 cxd4 4. Nxd4 a6 5. Nc3 Qc7 6. g3 Nf6 7. Bg2 Be7 8. 0-0 0-0 9. Bf4 d6 10. Bg5 Nc6 11. Re1 Bd7 12. a4 Na5 13. Ra3 Rac8 14. f4 d5 15. e5 Bxa3 16. exf6 Bxb2 17. fxg7 Rfe8 18. Nce2 Nc4 19. Qd3 Bxa4 20. Bf6 Nd6 21. f5 e5 22. Nb3 e4 23. Qe3 Bxf6 0-1